Empowering Marginal Communities with Information Networking /
Kaydedildi:
| Yazar: | |
|---|---|
| Materyal Türü: | Kitap |
| Dil: | İngilizce |
| Baskı/Yayın Bilgisi: |
Hershey, EUA :
Idea Group,
2006, c2006
Boulder, EUA : NetLibrary [distribución], 2005 |
| Konular: | |
| Online Erişim: | Ver documento en línea |
| Etiketler: |
Etiket eklenmemiş, İlk siz ekleyin!
|
MARC
| LEADER | 00000nam^a2200000^a^4500 | ||
|---|---|---|---|
| 001 | 000194625 | ||
| 005 | 20251023000000.0 | ||
| 009 | 20260310102725.345 | ||
| 020 | |a 1-59140-701-X | ||
| 037 | |a Acervo ITESO - Biblioteca | ||
| 041 | |a ING | ||
| 082 | |a 302. 23701 |b RAH | ||
| 100 | |a Rahman, Hakikur |e (ed.) | ||
| 245 | 1 | 0 | |a Empowering Marginal Communities with Information Networking / |c Ed. de H. Rahman. |
| 264 | 4 | |a Hershey, EUA : |b Idea Group, |c 2006, c2006 | |
| 264 | 4 | |a Boulder, EUA : |b NetLibrary [distribución], |c 2005 | |
| 300 | |a 1 libro electrónico en línea (XVII, 363 p.) | ||
| 336 | |a datos para computadora |b cod |2 rdacontenido | ||
| 337 | |a computadora |b c |2 rdamedio | ||
| 338 | |a recurso en línea |b cr |2 rdasoporte | ||
| 506 | 1 | |a 1 licencia | |
| 649 | |a XX | ||
| 650 | |a Internet - |x Aspectos Sociales y Culturales | ||
| 650 | |a Redes de Computadoras - |x Aspectos Sociales y Culturales | ||
| 650 | |a Marginación | ||
| 650 | |a Redes Sociales | ||
| 650 | |a Tecnologías de Comunicación e Información - |z Países Subdesarrollados - |x Aspectos Sociales y Culturales - |x Tema Principal | ||
| 650 | |a Tecnologías de Comunicación e Información - |x Aspectos Sociales y Culturales | ||
| 650 | |a Empowerment | ||
| 650 | |a Desarrollo Tecnológico - |z Países Subdesarrollados | ||
| 650 | |a Desarrollo Comunitario - |z Países Subdesarrollados - |x Tema Principal | ||
| 650 | |a Sociología de la Comunicación | ||
| 856 | 4 | 0 | |u https://ezproxy.iteso.mx/login?url=https://search.ebscohost.com/login.aspx?direct=true&scope=site&db=nlebk&db=nlabk&AN=140160 |y Ver documento en línea |
| 910 | |a Fondo General | ||
| 920 | |a Electrónicos - Libros en Línea | ||
| 930 | |a Plataforma Digital | ||
| 905 | |a 205 | ||
| 901 | |a 194625 |b IT2 |c EBO |i 141 |u 20250521 | ||
| 902 | |a https://opac.biblio.iteso.mx/vufind/Record/000194625 | ||